Statistics for Progressively Harder Capital to Country Quiz - North America

Click here to take the quiz!

General Stats

  • This quiz has been taken 24 times
  • The average score is 15 of 16

Answer Stats

HintAnswer% Correct
CubaHavana
100%
JamaicaKingston
100%
MexicoMexico City
100%
BahamasNassau
100%
CanadaOttawa
100%
United StatesWashington D.C.
100%
Trinidad & TobagoPort-of-Spain
94%
Dominican RepublicSanto Domingo
94%
St. Kitts & NevisBasseterre
89%
St. LuciaCastries
89%
GrenadaSaint George's
89%
Antigua & BarbudaSaint John's
89%
BelizeBelmopan
83%
St. Vincent & the GrenadinesKingstown
83%
DominicaRoseau
83%
HondurasTegucigalpa
83%

Score Distribution

Percentile by Number Answered

Percent of People with Each Score

Your Score History

You have not taken this quiz